000 00292nam a22001337a 4500
008 170424b xxu||||| |||| 00| 0 eng d
020 _a9780070112124
041 _aeng
080 _23RD
_a547
100 _a12
101 _aSHM
245 _aORGANIC CHEMISTRY
_cCAREY, F.A
942 _2udc
_cBK
999 _c11643
_d11643